000 00670nam a22002057a 4500
005 20140102104512.0
010 _aENG-108921
020 _a9788120348745
_c350.00
035 _aEN-92454
037 _bDBAD/PUB
082 _a174.972
100 _aKrishnamurthy, K. G.
245 _aProfessional practice /
_cby K. G. Krishnamurthy [and] S. V. Ravindra
260 _aNew Delhi
_bPHI Learning
_c2014
270 _aRimjhim House,111, Patparganj Industrial Estate,
_bNew Delhi
_e110092
300 _axix, 380p.
_c24cm(pbk)
500 _a Includes bibliographical references and index
700 _aRavindra, S. V.
942 _2ddc
_cEN
_mKRI
_h174.972
999 _c81319
_d81319